| 000 | 00734nam a2200241Ia 4500 | ||
|---|---|---|---|
| 005 | 20260430150124.0 | ||
| 008 | 008 250103s9999 xx 000 0 eng d | ||
| 037 | _aTheses | ||
| 040 | _aCRL | ||
| 040 | _beng | ||
| 040 | _ceng | ||
| 041 | _2eng | ||
| 041 | _aeng | ||
| 084 | _qCRL | ||
| 100 |
_aJyoti Rani Au.; Vajpai Urmi Gu. _91236527 |
||
| 245 | 0 | _aComputational approach for drug repurposing in tuberculosis and pathway modeling for type 2 diasbetes associated tuberculosis | |
| 260 | _c2021 | ||
| 300 | _a213p. | ||
| 650 | _aScience | ||
| 700 |
_aUniversity of Delhi. Faculty of Medical Sciences. Department of B.R. Ambedkar Center for Biomedical Research _91236528 |
||
| 942 | _cTH | ||
| 999 |
_c1848999 _d1848999 |
||